000 00611nmm a2200205Ia 4500
008 251105s9999||||xx |||||||||||||||||und||
020 _a8479088931
041 _aspa
100 _aJuárez Sanz, M.
245 0 _aQuímica del suelo y medio ambiente
264 _a[Madrid, España] :
_bPublicaciones de la Universidad de Alicante,
_c2006
300 _a744 páginas
490 _aCiencias
650 _aEnvironmental Sciences
700 _aJuárez Sanz, M.
700 1 _a Sánchez Andreu, J.
700 1 _a Sánchez Sánchez, A.
856 _uhttps://public.digitaliapublishing.com/a/781
942 _cCF
999 _c67329
_d67329